[Event "TCh-NED 2006-7"]
[Site "Netherlands NED"]
[Date "2007.03.03"]
[Round "6"]
[White "Strating,S"]
[Black "Ernst,S"]
[Result "1/2-1/2"]
[WhiteElo "2287"]
[BlackElo "2540"]

1.d4 Nf6 2.c4 c6 3.Nc3 d5 4.e3 e6 5.Nf3 Nbd7 6.Bd3 Be7 7.O-O O-O 8.e4 dxe4
9.Nxe4 c5 10.Be3 Qc7 11.Nxf6+ Nxf6 12.dxc5 e5 13.Qc2 Bxc5 14.Bg5 e4 15.Bxe4 Nxe4
16.Qxe4 Be6 17.b3 Rfe8 18.Bf4 Qc8 19.Qc2 Bf5 20.Qc3 Re4 21.Bg3 b5 22.Rad1 a5
23.Be5 bxc4 24.Bxg7 Bb4 25.Qa1 Rg4 26.Be5 Bd3 27.bxc4 Bxf1 28.Rxf1 Qxc4 29.h3 Rg6
30.Bg3 Bc3 31.Qb1 Bg7 32.Rc1 Qb4 33.Qf5 Qe7 34.Qd5 Qe8 35.Nh4 Rd8 36.Qxa5 Ra8
37.Qd5 Rd8 38.Qb3 Rc6 39.Rxc6 Qxc6 40.Nf5 Qd7 41.Qb6 Re8 42.Nxg7 Kxg7 43.Qb4 f5
44.Qc3+ Kg6 45.Be5 Qd5 46.Qg3+ Kh5 47.f4 Rg8 48.Qf2 Qd3 49.Kh2 Qe4 50.a3 h6
51.Bf6 Kg6 52.Be5 Kh5 53.Bf6 Ra8 54.Qh4+ Kg6 55.Be5 Rg8 56.Qf6+ Kh5  1/2-1/2

[Event "Interclubes Paulista"]
[Site "Sao Paulo BRA"]
[Date "2007.03.03"]
[Round "5"]
[White "D'Israel,D"]
[Black "Da Silva,T"]
[Result "1-0"]
[WhiteElo "2277"]
[BlackElo "2096"]

1.d4 d5 2.c4 c6 3.Nc3 Nf6 4.Nf3 e6 5.e3 Nbd7 6.Qc2 Bd6 7.g4 dxc4 8.g5 Nd5
9.Bxc4 N7b6 10.Be2 Nxc3 11.bxc3 c5 12.e4 cxd4 13.cxd4 Bb4+ 14.Bd2 Bxd2+ 15.Qxd2 Bd7
16.Ne5 Rc8 17.Rc1 O-O 18.O-O Qe7 19.Rc5 f6 20.Nxd7 Qxd7 21.Rxc8 Rxc8 22.gxf6 gxf6
23.Kh1 Kh8 24.Rd1 Rd8 25.Qf4 Qe7 26.Qh4 Qf7 27.Bh5 Qg7 28.Rg1 Qe7 29.Rd1 Qg7
30.Bg4 Rg8 31.Bf3 Nc4 32.Qf4 e5 33.Qc1 exd4  1-0

[Event "4NCL 2006-07"]
[Site "Wokefield Park ENG"]
[Date "2007.03.03"]
[Round "7"]
[White "Cobb,J"]
[Black "Turner,Ma"]
[Result "1/2-1/2"]
[WhiteElo "2420"]
[BlackElo "2490"]

1.d4 d5 2.c4 c6 3.Nf3 Nf6 4.Nc3 e6 5.e3 a6 6.Qc2 Nbd7 7.Be2 dxc4 8.Bxc4 b5
9.Be2 Bb7 10.a4 b4 11.Ne4 c5 12.Nxf6+ Nxf6 13.O-O Rc8 14.Qb3 cxd4  1/2-1/2

[Event "FSGM March"]
[Site "Budapest HUN"]
[Date "2007.03.04"]
[Round "2"]
[White "Farago,I"]
[Black "Ilincic,Z"]
[Result "1/2-1/2"]
[WhiteElo "2531"]
[BlackElo "2451"]

1.d4 d5 2.c4 c6 3.Nc3 e6 4.e3 Nf6 5.Nf3 Nbd7 6.Qc2 Bd6 7.Bd3 O-O 8.O-O h6
9.b3 Qe7 10.Bb2 a5 11.Rad1 b6 12.cxd5 cxd5 13.Nb5 Bb7 14.Rc1 Rfc8  1/2-1/2

[Event "Interclubes Paulista"]
[Site "Sao Paulo BRA"]
[Date "2007.03.04"]
[Round "6"]
[White "De Souza,M"]
[Black "Stamenkovic,Dr"]
[Result "0-1"]
[WhiteElo "2335"]
[BlackElo "2423"]

1.d4 d5 2.c4 c6 3.e3 Nf6 4.Nc3 e6 5.Nf3 Nbd7 6.Qc2 Bd6 7.b3 O-O 8.Be2 Re8
9.O-O Qe7 10.Bb2 dxc4 11.bxc4 e5 12.a4 Bb4 13.Nxe5 Nxe5 14.dxe5 Nd7 15.f4 f6
16.Bd3 h6 17.Bh7+ Kh8 18.Bg6 Rf8 19.Ne4 fxe5 20.fxe5 Rxf1+ 21.Rxf1 Nxe5 22.Ng3 Qg5
23.Bxe5 Qxe5 24.Qe2 Be6 25.Bb1 Qc3 26.Ne4 Qxc4 27.Qh5 Bg8 28.Qg6 Qe6 29.Rf6 Qe8
30.Qf5 Qe7  0-1

[Event "23rd Open"]
[Site "Cappelle la Grande FRA"]
[Date "2007.03.05"]
[Round "3"]
[White "Golod,V"]
[Black "Bobras,P"]
[Result "1/2-1/2"]
[WhiteElo "2597"]
[BlackElo "2542"]

1.d4 d5 2.c4 c6 3.Nf3 Nf6 4.Nc3 e6 5.e3 Nbd7 6.Bd3 dxc4 7.Bxc4 b5 8.Bd3 Bb7
9.O-O a6 10.a4 b4 11.Nb1 c5 12.Nbd2 Be7 13.Nc4 a5 14.Qe2 O-O 15.Rd1 Qb8 16.Bd2 Rd8
17.Nfe5 Qa7 18.Rac1 Rac8  1/2-1/2

[Event "I Open"]
[Site "La Laguna ESP"]
[Date "2007.03.05"]
[Round "1"]
[White "Krivoshey,S"]
[Black "Perez Celis,A"]
[Result "1-0"]
[WhiteElo "2496"]
[BlackElo "1752"]

1.Nf3 d5 2.d4 Nf6 3.c4 e6 4.Nc3 c6 5.e3 Be7 6.Bd3 O-O 7.b3 b6 8.O-O Ba6 9.Bb2 Nbd7
10.Qe2 Rc8 11.e4 dxe4 12.Nxe4 Nxe4 13.Qxe4 Nf6 14.Qh4 h6 15.Rad1 Nh7 16.Qe4 Nf6
17.Qe2 Qc7 18.Bb1 Rfd8 19.Qc2 g6 20.Ne5 Bf8 21.d5 cxd5 22.Nxg6 Bg7 23.Be5 Qb7
24.Nf4 dxc4 25.Bxf6 Bxf6 26.Nh5 Qe7 27.Qh7+  1-0

[Event "23rd Open"]
[Site "Cappelle la Grande FRA"]
[Date "2007.03.06"]
[Round "5"]
[White "Spraggett,K"]
[Black "Petrosian,S"]
[Result "1/2-1/2"]
[WhiteElo "2633"]
[BlackElo "2391"]

1.d4 Nf6 2.c4 e6 3.Nf3 d5 4.Nc3 c6 5.e3 Nbd7 6.Bd3 dxc4 7.Bxc4 b5 8.Be2 Bb7
9.a3 a6 10.b4 a5 11.Rb1 axb4 12.axb4 Nd5 13.Nxd5 exd5 14.O-O Bd6 15.Ne1 O-O
16.Nd3 Nb6 17.Qc2 Qh4 18.g3 Qe4 19.Re1 Nc4 20.Bf1 Bc8 21.Qc3 Bf5 22.Ra1  1/2-1/2

[Event "23rd Open"]
[Site "Cappelle la Grande FRA"]
[Date "2007.03.07"]
[Round "6"]
[White "Gasanov,E"]
[Black "Burmakin,V"]
[Result "1/2-1/2"]
[WhiteElo "2477"]
[BlackElo "2568"]

1.d4 Nf6 2.c4 c6 3.Nc3 d5 4.e3 e6 5.Nf3 Nbd7 6.Bd3 Bd6 7.O-O O-O 8.e4 dxc4
9.Bxc4 e5 10.Bg5 Qe7 11.Re1 Rd8 12.d5 h6 13.Bh4 Nf8 14.dxc6 bxc6 15.Qa4 Bd7
16.Rad1 Ng6 17.Bg3 Rdb8 18.Bb3 Bc5 19.Nh4 Nxh4 20.Bxh4 Bd4 21.Rd2 g5 22.Bg3 Rb4
23.Qa5 Be8 24.Red1 Rd8 25.Qa6 Rdb8 26.Qe2 Bd7 27.Kh1 Be6 28.Bxe6 Qxe6 29.f3 c5
30.Be1 Qb6 31.b3 Kg7 32.Rc2 Qd6 33.Nb1 R4b6 34.Na3 Qf8 35.Nc4 Re6 36.Ne3  1/2-1/2

[Event "I Open"]
[Site "La Laguna ESP"]
[Date "2007.03.07"]
[Round "3"]
[White "Radovanovic,J"]
[Black "Zambrana,O"]
[Result "0-1"]
[WhiteElo "2327"]
[BlackElo "2495"]

1.d4 d5 2.c4 c6 3.Nf3 Nf6 4.Nc3 e6 5.e3 Nbd7 6.Qc2 Bd6 7.Be2 O-O 8.O-O dxc4
9.Bxc4 a6 10.e4 e5 11.Rd1 exd4 12.Nxd4 Qc7 13.Nf3 Ne5 14.Nxe5 Bxe5 15.h3 Re8
16.Re1 Be6 17.Bf1 Rad8 18.Be3 b5 19.Rac1 Bc8 20.g3 c5 21.Bg2 Bb7 22.Bg5 h6
23.Bxf6 Bxf6 24.Nd5 Bxd5 25.exd5 Rxe1+ 26.Rxe1 Qa5 27.Re2 c4 28.b3 c3 29.Qf5 Qb6
30.h4 g6 31.Qc2 h5 32.Bf3 Kg7 33.Kg2 a5 34.Qd3 Qc5 35.Kf1 a4 36.bxa4 bxa4
37.Kg2 Rb8 38.Be4 Rb2 39.Rxb2 cxb2 40.d6 Bd8 41.d7 f5 42.Qc2 Qxc2 43.Bxc2 Kf6
44.Kf1 Ke7 45.f3 a3 46.g4 hxg4 47.fxg4 fxg4 48.Bxg6 Kxd7 49.h5 Ke6 50.h6 Ke5
51.h7 Bf6 52.Ke2 Kd4 53.Bf5 g3 54.Bb1 Kc3 55.Bf5 g2 56.Kf2 Kd2 57.Kxg2 Kc1
58.Kf2 b1=Q 59.Bxb1 Kxb1  0-1

[Event "ch-TUR"]
[Site "Ankara TUR"]
[Date "2007.03.08"]
[Round "8"]
[White "Erdogan,H"]
[Black "Esen,B"]
[Result "0-1"]
[WhiteElo "2307"]
[BlackElo "2447"]

1.d4 d5 2.c4 c6 3.Nc3 Nf6 4.Nf3 e6 5.e3 Nbd7 6.Qc2 Bd6 7.Bd2 O-O 8.O-O-O c5
9.e4 cxd4 10.Nxd4 Be5 11.Be3 Bxd4 12.Rxd4 e5 13.Rxd5 Nxd5 14.exd5 b6 15.Bd3 h6
16.Re1 Re8 17.f3 Ba6 18.Qa4 Bb7 19.Bb1 Nf8 20.g4 Qh4 21.Re2 h5 22.g5 Ng6
23.Bxg6 fxg6 24.Qd7 Ba6 25.b3 Rf8 26.Qe6+ Kh7 27.Qxe5 Rae8 28.Qd4 Qh3 29.f4 Bc8
30.Kb2 Bg4 31.Re1 Qxh2+ 32.Ka3 Qg3 33.Bf2 Qf3 34.Rxe8 Rxe8 35.d6 Rf8 36.Nd5 Be6
37.Nc7 Bd7 38.Nd5 Bc6 39.Be1 Bxd5 40.Bc3 Rf7 41.cxd5 Qg4 42.Qe5 h4 43.Qe6 Qf5
44.Bf6 Rd7 45.Be7 h3 46.Qe3 Kg8 47.Qe6+ Qxe6  0-1

[Event "TCh-NOR 2006-7"]
[Site "Oslo NOR"]
[Date "2007.03.09"]
[Round "7"]
[White "Ulrichsen,J"]
[Black "Johansen,P"]
[Result "0-1"]
[WhiteElo "2228"]
[BlackElo "2108"]

1.d4 d5 2.Nf3 Nf6 3.c4 c6 4.Nc3 e6 5.e3 Be7 6.Be2 O-O 7.O-O Nbd7 8.cxd5 exd5
9.Qc2 Re8 10.b3 Bd6 11.Bb2 Qe7 12.Rad1 Nf8 13.Ne5 Bxe5 14.dxe5 Ng4 15.Bxg4 Bxg4
16.f3 Bh5 17.Ne2 Bg6 18.Qd2 f6 19.exf6 Qxe3+ 20.Qxe3 Rxe3 21.Nf4 gxf6 22.Bxf6 Kf7
23.Bd4 Ree8 24.Rfe1 Ne6 25.Nxe6 Rxe6 26.Rxe6 Kxe6 27.Re1+ Kd6 28.Kf2 c5 29.Be5+ Kc6
30.Bf4 Re8 31.Rxe8 Bxe8 32.Ke3 Bg6 33.Kd2 d4 34.h4 Bb1 35.a3 Bg6 36.g4 Bf7
37.b4 c4 38.Be5 Kd5 39.Bb8 c3+ 40.Kc1 d3 41.h5 d2+ 42.Kc2 Kc6  0-1

[Event "FSGM March"]
[Site "Budapest HUN"]
[Date "2007.03.10"]
[Round "8"]
[White "Toth,E"]
[Black "Kosic,D"]
[Result "1/2-1/2"]
[WhiteElo "2283"]
[BlackElo "2504"]

1.d4 d5 2.c4 c6 3.Nc3 Nf6 4.e3 e6 5.Nf3 Nbd7 6.Qc2 b6 7.b3 Bb7 8.Bb2 Bd6
9.Be2 O-O 10.O-O Qe7 11.Rad1 Rad8 12.Rfe1 c5 13.cxd5 exd5 14.dxc5 bxc5 15.Qf5 Qe6
16.Qg5 h6 17.Qh4 Rfe8 18.Bd3 Bb8 19.Ne2 Ne4 20.Nf4 Qb6 21.Nh5 g5  1/2-1/2

[Event "23rd Open"]
[Site "Cappelle la Grande FRA"]
[Date "2007.03.10"]
[Round "9"]
[White "Arutinian,D"]
[Black "Ninov,N"]
[Result "1-0"]
[WhiteElo "2552"]
[BlackElo "2506"]

1.d4 Nf6 2.c4 e6 3.Nf3 d5 4.Nc3 c6 5.e3 Nbd7 6.Qc2 Bd6 7.Bd2 O-O 8.h3 a6
9.g4 e5 10.g5 exd4 11.Nxd4 Ne4 12.Nxe4 dxe4 13.Qxe4 Qxg5 14.Qg2 Qxg2 15.Bxg2 Ne5
16.b3 c5 17.Nf3 Bf5 18.Nh4 Bc2 19.Bc3 Rab8 20.Kd2 Bg6 21.Nxg6 hxg6 22.Ke2 Rfd8
23.Rad1 f6 24.Bd5+ Kf8 25.Rdg1 g5 26.h4 g4 27.Bxe5 Bxe5 28.Rxg4 b5 29.h5 bxc4
30.Bxc4 Bc3 31.f4 Rd2+ 32.Kf3 Rxa2 33.h6 g5 34.fxg5 fxg5 35.Rxg5 Ke7 36.Rg7+ Kf6
37.Rf7+ Kg6 38.Rg1+ Kxh6 39.Bd3 Rh8 40.Rh1+ Kg5 41.Rf5+ Kg6 42.Rfh5+  1-0

[Event "TCh-BEL 2006-7"]
[Site "Belgium BEL"]
[Date "2007.03.11"]
[Round "10"]
[White "Feller,S"]
[Black "Boidman,Y"]
[Result "1-0"]
[WhiteElo "2431"]
[BlackElo "2435"]

1.d4 d5 2.Nf3 Nf6 3.c4 c6 4.e3 e6 5.Nc3 Nbd7 6.Bd3 dxc4 7.Bxc4 b5 8.Bd3 a6
9.e4 c5 10.e5 cxd4 11.Nxb5 Ng4 12.Nbxd4 Ngxe5 13.Be4 Bb4+ 14.Kf1 a5 15.Bxa8 Ba6+
16.Kg1 Qxa8 17.Nxe5 Nxe5 18.a3 Bc5 19.Qa4+ Ke7 20.Be3 Rc8 21.Qxa5 Nc4 22.Nf5+ Kf6
23.Qc3+ Kxf5 24.Bxc5 Rxc5 25.b3 Bb7 26.h4 Bxg2 27.Rh2 Ne5 28.Qxc5 Bd5 29.Rh3 h6
30.Re1 g5 31.hxg5 hxg5 32.Qe7 f6 33.Rxe5+ Kxe5 34.Re3+ Kf5 35.Qh7+ Kf4 36.Qh2+ Kf5
37.Qh7+ Kf4 38.Qc7+ Kf5 39.Qc2+ Kf4 40.Qc3 e5 41.Rh3 Be4 42.Qd2+ Kf5 43.Qd7+ Kf4
44.Qd6 Qa5 45.Qxf6+ Bf5 46.Rg3 g4 47.Qh6+ Ke4 48.b4 Qb5 49.Re3+ Kd5 50.Qf6 Be4
51.Qd8+  1-0

[Event "TCh-FIN 2006-7"]
[Site "Helsinki FIN"]
[Date "2007.03.11"]
[Round "9"]
[White "Kanep,M"]
[Black "Kulaots,K"]
[Result "1/2-1/2"]
[WhiteElo "2504"]
[BlackElo "2525"]

1.d4 Nf6 2.c4 e6 3.Nf3 d5 4.Nc3 c6 5.e3 Nbd7 6.Bd3 dxc4 7.Bxc4 b5 8.Bd3 Bb7
9.a3 Bd6 10.O-O O-O 11.e4  1/2-1/2

[Event "ch-POL w"]
[Site "Barlinek POL"]
[Date "2007.03.12"]
[Round "5"]
[White "Szymanska,M"]
[Black "Kulon,K"]
[Result "1-0"]
[WhiteElo "2218"]
[BlackElo "2173"]

1.d4 d5 2.c4 c6 3.Nc3 Nf6 4.e3 e6 5.Nf3 Bd6 6.Bd3 Nbd7 7.O-O O-O 8.e4 dxc4
9.Bxc4 b5 10.Bd3 e5 11.Bc2 exd4 12.Nxd4 Qc7 13.h3 b4 14.Nce2 Nc5 15.f3 Ba6
16.Nf5 Rad8 17.Qe1 Bd3 18.Bxd3 Nxd3 19.Qh4 Bc5+ 20.Kh1 Nf2+ 21.Rxf2 Rd1+
22.Ng1 Rfd8 23.Be3 Rxa1 24.Bxc5 Ne8 25.Rc2 h6 26.b3 Qd7 27.Ne7+ Kh7 28.e5 Qd3
29.Qe4+ Qxe4 30.fxe4 Rdd1 31.Kh2 a5 32.Bb6 Rac1 33.Rxc6 f6 34.Rxc1 Rxc1 35.Bxa5 fxe5
36.Nf3 Rc2 37.Bxb4 Rxa2 38.Nc6 Nf6 39.Nd2 Nd7 40.Kg3 g5 41.Nc4 Ra1 42.Be7 Rc1
43.N6a5 Kg7 44.b4 Kf7 45.Bd8 Rb1 46.b5 Ke6 47.b6 Nc5 48.Kf3 Rf1+ 49.Ke2 Rb1
50.Bc7 Nd7 51.b7 h5 52.Nb6  1-0

[Event "ch-RUS U20 Girls"]
[Site "Saint Petersburg RUS"]
[Date "2007.03.14"]
[Round "5"]
[White "Tarasova,V"]
[Black "Karpova,Ly"]
[Result "1-0"]
[WhiteElo "2230"]
[BlackElo "2280"]

1.d4 d5 2.c4 e6 3.Nc3 c6 4.e3 Nf6 5.Nf3 Nbd7 6.Qc2 Bd6 7.g4 Bb4 8.Bd3 dxc4
9.Bxc4 Nd5 10.e4 Nxc3 11.bxc3 Bd6 12.e5 Be7 13.Bd3 c5 14.Bxh7 cxd4 15.cxd4 Bb4+
16.Kf1 Nb6 17.Be4 Nd5 18.Ng5 Be7 19.h4 Bd7 20.Qb3 Bc6 21.Qf3 Rf8 22.Kg2 Qd7
23.Re1 O-O-O 24.Kg1 f5 25.exf6 Rxf6 26.Qb3 Rh8 27.h5 g6 28.Nf3 Rxf3 29.Qxf3 gxh5
30.g5 Bd6 31.Bd2 Bc7 32.Kg2 Qd6 33.Qg3 Qd7 34.Qd3 h4 35.Kh1 Rf8 36.Kg1 Qd6
37.Qh3 Nf4 38.Bxf4 Qxf4 39.Bxc6 Qxg5+ 40.Qg2 Qd8 41.Bxb7+ Kb8 42.Bf3 Rg8
43.Rab1+ Bb6 44.Bg4 Qxd4 45.Re4  1-0

[Event "TCh-ARM"]
[Site "Yerevan ARM"]
[Date "2007.03.14"]
[Round "1"]
[White "Melkumyan,H"]
[Black "Kotanjian,T"]
[Result "1-0"]
[WhiteElo "2388"]
[BlackElo "2524"]

1.d4 d5 2.c4 c6 3.Nc3 Nf6 4.Nf3 e6 5.e3 Nbd7 6.Qc2 Bd6 7.g4 Nxg4 8.Rg1 Nh6
9.e4 dxe4 10.Nxe4 Bb4+ 11.Bd2 Bxd2+ 12.Qxd2 Nf5 13.Bh3 Nf6 14.Nc3 O-O 15.O-O-O b5
16.Ne5 g6 17.Bxf5 exf5 18.Nxc6 Qd6 19.d5 bxc4 20.Nb5 Qc5 21.Nc7 Rb8 22.Nxb8 Qxc7
23.Nc6 Bb7 24.Qd4 Nxd5 25.Qxd5 Bxc6 26.Qd6 Qb7 27.Rd4 Rb8 28.Qa3 Qb6 29.Qc3 Be4
30.h4 h5 31.Rd7 Qe6 32.Qd4 c3 33.b3 a5 34.Rd1 Rc8 35.Qd6 Qxd6 36.R1xd6 Rc5
37.Re7 a4 38.Rd8+ Kg7 39.Rdd7 axb3 40.Rxf7+ Kg8 41.axb3 Rb5 42.Rg7+ Kh8 43.Rh7+ Kg8
44.Rdg7+ Kf8 45.Rc7 Kg8 46.Rhd7  1-0

[Event "ch-SRB"]
[Site "Vrsac SRB"]
[Date "2007.03.16"]
[Round "12"]
[White "Ivanisevic,I"]
[Black "Tadic,B"]
[Result "1/2-1/2"]
[WhiteElo "2602"]
[BlackElo "2496"]

1.d4 d5 2.c4 c6 3.Nf3 Nf6 4.Nc3 e6 5.e3 Nbd7 6.Qc2 b6 7.Bd2 Bb7 8.O-O-O Be7
9.e4 dxe4 10.Nxe4 Qc7 11.Bd3 Nxe4 12.Bxe4 Nf6 13.Bd3 O-O 14.Bc3 Rfd8 15.Rhe1 b5
16.c5 a5 17.g3 b4 18.Bd2 Ba6 19.Bxa6 Rxa6 20.Bg5 Nd5 21.h4 a4 22.Bxe7 Qxe7
23.Ng5 Nf6 24.Qc4 Qb7 25.Nf3 a3 26.b3 Nd5 27.Rd2 Raa8 28.Ne5 Rab8 29.Rc2 Nc7
30.Rd1 Rd5 31.Nd3 Na6 32.Nf4 Rd7 33.Qe2 Rbd8 34.Nh5 Nc7 35.Rc4 Rd5 36.Qg4 Ne8
37.Nf4 Nf6 38.Qe2 R5d7 39.Qe1 Rb8 40.Nd3 Nd5 41.Kc2 Rdd8 42.Qd2 f6 43.Re1 Re8
44.h5 Qf7 45.g4 Qd7 46.h6 gxh6 47.Nxb4 Kh8 48.Nd3 Qg7 49.Re4 Rbd8 50.Qe1 Qg6
51.Ra4 h5 52.gxh5 Qf5 53.Rxa3 Rg8 54.Ra7 Nb4+ 55.Nxb4 Rxd4 56.f3 Qxc5+ 57.Kb2 Rxe4
58.Qxe4 Rg2+ 59.Nc2 Qxa7 60.Qxc6 Qd4+ 61.Ka3 Qa7+ 62.Kb2 Kg7 63.a4 Qd4+ 64.Ka3 Qd2
65.Kb2 Qd4+ 66.Ka3 Qd3 67.Kb2 Qd4+ 68.Ka3 Qd3  1/2-1/2

[Event "Amber Rapid"]
[Site "Monte Carlo MNC"]
[Date "2007.03.17"]
[Round "1"]
[White "Carlsen,M"]
[Black "Gelfand,B"]
[Result "1/2-1/2"]
[WhiteElo "2690"]
[BlackElo "2733"]

1.d4 d5 2.c4 c6 3.Nc3 Nf6 4.e3 e6 5.Nf3 Nbd7 6.Bd3 dxc4 7.Bxc4 b5 8.Bd3 Bd6
9.a3 O-O 10.Bd2 a5 11.Rc1 Bb7 12.O-O Qb8 13.Ne4 Nxe4 14.Bxe4 c5 15.dxc5 Bxh2+
16.Nxh2 Bxe4 17.Bc3 Qb7 18.Qg4 e5 19.Rfd1 f5 20.Qg3 Ra6 21.Rd6 Rxd6 22.cxd6 Qc6
23.Nf3 b4 24.axb4 axb4 25.Nxe5 Nxe5 26.Qxe5 bxc3 27.Qe6+ Kh8 28.Rxc3 Qd5
29.Rc8 Qd1+ 30.Kh2 Qh5+  1/2-1/2

[Event "Amber Blindfold"]
[Site "Monte Carlo MNC"]
[Date "2007.03.17"]
[Round "1"]
[White "Aronian,L"]
[Black "Vallejo Pons,F"]
[Result "1-0"]
[WhiteElo "2744"]
[BlackElo "2679"]

1.d4 d5 2.c4 c6 3.Nc3 Nf6 4.Nf3 e6 5.e3 Nbd7 6.Qc2 Bd6 7.g4 Nxg4 8.Rg1 Qf6
9.Be2 Nxh2 10.Nxh2 Bxh2 11.Rg2 Bd6 12.Bd2 h5 13.O-O-O h4 14.f4 h3 15.Rg5 g6
16.Rh1 b6 17.Rg3 Bb7 18.Rf3 h2 19.e4 dxe4 20.Nxe4 Qe7 21.c5 Bc7 22.Qa4 Rh4
23.Qa3 Nf6 24.Nd6+ Bxd6 25.cxd6 Qd7 26.f5 Ne4 27.fxg6 fxg6 28.Bf4 c5 29.Rxh2 Rxh2
30.Bxh2 cxd4 31.Kd1 Rc8 32.Rf1 Rc5 33.Qh3 Rh5 34.Bxh5 Nf2+ 35.Rxf2  1-0

[Event "Amber Blindfold"]
[Site "Monte Carlo MNC"]
[Date "2007.03.18"]
[Round "2"]
[White "Svidler,P"]
[Black "Gelfand,B"]
[Result "1/2-1/2"]
[WhiteElo "2728"]
[BlackElo "2733"]

1.d4 Nf6 2.Nf3 e6 3.c4 d5 4.Nc3 c6 5.e3 Nbd7 6.Qc2 Bd6 7.Be2 O-O 8.O-O dxc4
9.a4 c5 10.Bxc4 a6 11.Bd3 Qc7 12.a5 h6 13.Bd2 cxd4 14.exd4 b5 15.axb6 Nxb6
16.Rfc1 Bb7 17.Qd1 Qb8 18.Qe2 Bf4 19.Bxf4 Qxf4 20.Qe5 Nbd5 21.Nxd5  1/2-1/2

[Event "60th ch-RUS sf Urals"]
[Site "Nizhnij Tagil RUS"]
[Date "2007.03.18"]
[Round "5"]
[White "Berezov,V"]
[Black "Nurtdinov,R"]
[Result "1/2-1/2"]
[WhiteElo "2235"]
[BlackElo "2086"]

1.c4 Nf6 2.Nc3 e6 3.d4 d5 4.e3 c6 5.Nf3 Nbd7 6.Bd3 Be7 7.O-O dxc4 8.Bxc4 b5
9.Bd3 a6 10.e4 O-O 11.Bg5 c5 12.e5 Nd5 13.Bxe7 Qxe7 14.Nxd5 exd5 15.Re1 c4
16.Bc2 Nb6 17.h3 Bd7 18.Qd2 Kh8 19.Re3 b4 20.Rae1 Bb5 21.Bb1 c3 22.bxc3 Nc4
23.Qc2 g6 24.R3e2 Na3 25.Qb3 Bxe2 26.Rxe2 Nxb1 27.cxb4 Rfc8 28.Qxb1 Rc4 29.a3 Rac8
30.Qb2 Qd7 31.Kh2 Qf5 32.Qd2 Rc2 33.Qe3 Rxe2 34.Qxe2 Rc3 35.Qd2 Rxa3 36.b5 axb5
37.Qb4 Ra8 38.Qb3 Qe4 39.Kg3 g5 40.Kh2 b4 41.Qxb4 Qf4+ 42.Kg1 Kg7 43.Qb2 Ra4
44.Kf1 h5 45.e6 fxe6 46.Qb7+ Kf6 47.Qc8 Ra1+ 48.Ne1 Kf5 49.Qd7 Rxe1+ 50.Kxe1 Qc1+
51.Ke2 Qc2+ 52.Ke1 Qc3+ 53.Ke2 Qc4+ 54.Ke3 Qc3+ 55.Ke2 Qc2+ 56.Ke1 Qe4+ 57.Kf1 Kf4
58.g3+ Kf3 59.Qf7+ Qf5 60.Qxh5+ Ke4 61.Qh8 Kf3 62.Qh5+ Ke4 63.Qh8 Kd3 64.h4 gxh4
65.Qxh4 Qe4 66.Qh8 Qf3 67.Qh6 Kxd4 68.Qd2+ Qd3+ 69.Ke1 Qxd2+ 70.Kxd2 Ke4
71.Ke2 d4 72.f3+ Kd5 73.Kd3 e5 74.g4 Ke6 75.Ke4 Kf6 76.f4 exf4 77.Kxf4 d3
78.Ke3 Kg5 79.Kxd3  1/2-1/2

[Event "TCh-ARM"]
[Site "Yerevan ARM"]
[Date "2007.03.18"]
[Round "5"]
[White "Kotanjian,T"]
[Black "Aghasaryan,R"]
[Result "1-0"]
[WhiteElo "2524"]
[BlackElo "2201"]

1.d4 d5 2.c4 e6 3.Nc3 c6 4.e3 Nf6 5.Nf3 Nbd7 6.Qc2 Bd6 7.b3 b6 8.Bb2 Bb7
9.Bd3 O-O 10.O-O c5 11.cxd5 exd5 12.Rfd1 Re8 13.Rac1 Rc8 14.Qe2 Ne4 15.Bb5 Nxc3
16.Rxc3 Rc7 17.Rdc1 Qe7 18.Ba3 Rec8 19.Ba6 Bxa6 20.Qxa6 Nb8 21.Qb5 Qd7 22.Qf1 cxd4
23.Rxc7 Rxc7 24.Bxd6 Qxd6 25.Nxd4 Rxc1 26.Qxc1 Qc5 27.Qd2 Nc6 28.Ne2 g6 29.Kf1 Kg7
30.g4 Qd6 31.f4 Qd7 32.g5 Qh3+ 33.Ke1 Ne7 34.Nc3 Qf3 35.Qd4+ Kg8 36.Qe5 d4
37.Qxd4 Nf5 38.Qe4 Qxe4 39.Nxe4 Nxe3 40.Nf6+ Kg7 41.Ke2 Nc2 42.Nd5 Nd4+ 43.Ke3 Ne6
44.b4 h6 45.h4 hxg5 46.hxg5 Kf8 47.Ke4 Ke8 48.Nf6+ Kd8 49.Ke5 Ke7 50.a4 Kd8
51.Ne4 Kd7 52.Nf2 a5 53.bxa5 bxa5 54.Nd3 Ke7 55.Nb2 Nc5 56.Kd5 Ne6 57.Ke4 Nc5+
58.Ke5 Ne6 59.Nd3 Kd7 60.Kf6 Ke8 61.Ne5 Nxf4 62.Nxf7 Kf8 63.Ne5 Nd5+ 64.Kxg6 Ke7
65.Nc6+ Ke6 66.Nxa5 Nb6 67.Kh7  1-0

[Event "Magistral Ruy Lopez"]
[Site "Zafra ESP"]
[Date "2007.03.18"]
[Round "2"]
[White "Sokolov,Iv"]
[Black "Perez Candelario,Man"]
[Result "0-1"]
[WhiteElo "2652"]
[BlackElo "2515"]

1.d4 d5 2.c4 c6 3.Nc3 Nf6 4.Nf3 e6 5.e3 Nbd7 6.Bd3 dxc4 7.Bxc4 b5 8.Bd3 Bb7
9.e4 b4 10.Na4 c5 11.e5 Nd5 12.O-O cxd4 13.Re1 Be7 14.Nxd4 O-O 15.Qg4 Re8
16.Bh6 Bf8 17.Bg5 Be7 18.h4 Rc8 19.Bh6 Bf8 20.Rad1 f5 21.Bxf5 exf5 22.Nxf5 g6
23.f4 Rc2 24.Bxf8 Rxf8 25.Nd4 Rc4 26.b3 Rc8 27.f5 Qe8 28.h5 Rf7 29.hxg6 hxg6
30.Qg3 Re7 31.Nf3 Rc2 32.f6 Rh7 33.Rd4 Nf8 34.Rg4 Rh5 35.Rh4 Rxh4 36.Nxh4 Qf7
37.Qg4 Nc7 38.Rd1 Nce6 39.Qxb4 g5 40.Qg4 Qh7 41.Nf3 Bxf3 42.Qxf3 Nf4  0-1

[Event "Open"]
[Site "Zagreb CRO"]
[Date "2007.03.18"]
[Round "2"]
[White "Jankovic,A"]
[Black "Vukic,A"]
[Result "1/2-1/2"]
[WhiteElo "2541"]
[BlackElo "2193"]

1.d4 d5 2.c4 c6 3.Nf3 Nf6 4.Nc3 e6 5.e3 Nbd7 6.Qc2 Bd6 7.Bd3 dxc4 8.Bxc4 O-O
9.O-O b5 10.Bd3 Bb7 11.a3 a5 12.Rd1 Qc7 13.e4 e5 14.g3 b4 15.Na4 Rfe8 16.dxe5 Bxe5
17.Nxe5 Qxe5 18.f3 Qh5 19.Be2 Ba6 20.Bxa6 Rxa6 21.Kg2 c5 22.Bf4 g5 23.g4 Nxg4
24.fxg4 Qxg4+ 25.Kh1 Qxf4 26.Rxd7 Rxe4 27.Qg2 Rae6 28.Rf1 Re1 29.Rd1 Rxd1
30.Rxd1 bxa3 31.Nxc5 Rh6 32.Re1 a2 33.Nd3 Qf5 34.Nf2 Re6 35.Rf1 h6 36.Ng4 Qb1
37.Qf3 f5 38.Nxh6+ Rxh6 39.Qd5+ Kg7 40.Qd7+ Kg6 41.Qe8+ Kf6 42.Qc6+  1/2-1/2

[Event "Amber Rapid"]
[Site "Monte Carlo MNC"]
[Date "2007.03.19"]
[Round "3"]
[White "Radjabov,T"]
[Black "Van Wely,L"]
[Result "0-1"]
[WhiteElo "2729"]
[BlackElo "2683"]

1.d4 d5 2.c4 c6 3.Nc3 Nf6 4.Nf3 e6 5.e3 Nbd7 6.Bd3 dxc4 7.Bxc4 b5 8.Bd3 Bb7
9.O-O a6 10.e4 c5 11.d5 c4 12.dxe6 fxe6 13.Bc2 Qc7 14.Nd4 Kf7 15.Be3 Bc5
16.Qe2 Ne5 17.h3 Qb6 18.Rad1 Rad8 19.Nf3 Nxf3+ 20.Qxf3 Bxe3 21.fxe3 Qc5 22.Qg3 e5
23.Rf5 Rxd1+ 24.Bxd1 Re8 25.Qg5 Qe7 26.a3 g6 27.Rf2 Kg7 28.Bc2 Rd8 29.Qg3 Bc6
30.Qh4 a5 31.Ne2 b4 32.Ng3 h6 33.axb4 axb4 34.Rf1 Rd2 35.Bd1 Rxb2 36.Be2 c3
37.Bc4 c2 38.Bd3 b3 39.Ne2 Nd5 40.Qg3 Nb4 41.Bc4 Rb1 42.Bxb3 Rxb3 43.Kh2 Bb5
44.Nc1 Bxf1 45.Nxb3 Bc4 46.Nc1 Nd3 47.Ne2 c1=Q 48.Nxc1 Nxc1 49.Qe1 Nd3 50.Qc3 Qc5
51.Qd2 Qb4 52.Qd1 Qb2  0-1

[Event "Jose Marca Castaneda mem Open"]
[Site "Lima PER"]
[Date "2007.03.20"]
[Round "2"]
[White "Palacios,E"]
[Black "Alvarado,L"]
[Result "1/2-1/2"]
[WhiteElo "2218"]
[BlackElo "1972"]

1.c4 Nf6 2.Nf3 c6 3.d4 d5 4.e3 e6 5.Nc3 Nbd7 6.Qc2 Bd6 7.b3 O-O 8.Be2 e5
9.O-O a6 10.Re1 Re8 11.a4 Qa5 12.c5 Bb8 13.b4 Qc7 14.g3 e4 15.Nd2 Nf8 16.f4 exf3
17.Bxf3 Ne6 18.Nb3 Ng5 19.Bg2 Nfe4 20.Nxe4 dxe4 21.Nd2 Qe7 22.Rf1 f5 23.Nc4 Bc7
24.Bd2 Be6 25.b5 axb5 26.axb5 Rxa1 27.Rxa1 Nf3+ 28.Bxf3 exf3 29.bxc6 bxc6
30.Ra7 Qd8 31.Kf2 Qb8 32.Ra4 Qd8 33.Ba5 Bxa5 34.Rxa5 Qg5 35.Nd6 Rb8 36.Ra1 Qh5
37.Kg1 h6 38.Rf1 Qg5 39.Rxf3 Bd5 40.Rf4 Rf8 41.Nxf5 Qd8 42.e4 Be6 43.Qf2 Rf7
44.h4 Ra7 45.Qe3 Ra1+ 46.Kg2 Qa5 47.Rf2 Qb4 48.g4 Qb1 49.Kg3 Qb4 50.Kh2 Bc4
51.Nd6 Be6 52.Nf5 Qb1 53.Rg2 Qh1+ 54.Kg3 Rb1 55.d5 cxd5 56.exd5 Re1 57.Qf4 Bxd5
58.Rh2 Rg1+ 59.Kh3 Bg2+ 60.Kg3 Bf1+ 61.Kf2 Rg2+ 62.Rxg2 Qxg2+ 63.Ke3 Qe2+
64.Kd4 Qb2+ 65.Kd5 Qb7+ 66.c6 Bg2+ 67.Kc5 Qxc6+ 68.Kb4 Qb6+ 69.Kc3 Qa5+ 70.Kd3 Qa3+
71.Ke2 Qb2+ 72.Ke1 Qb7 73.Kf2 Bc6 74.Qd4 Qf7 75.Kg3 Qb3+ 76.Kf4 Qf7 77.h5 Bd7
78.Qe4 Bxf5 79.Qxf5  1/2-1/2

[Event "71st ch-BUL"]
[Site "Pernik BUL"]
[Date "2007.03.20"]
[Round "13"]
[White "Nikolov,Sas"]
[Black "Genov,Peta"]
[Result "1/2-1/2"]
[WhiteElo "2380"]
[BlackElo "2489"]

1.d4 d5 2.c4 c6 3.Nf3 Nf6 4.Nc3 e6 5.e3 Nbd7 6.Bd3 dxc4 7.Bxc4 b5 8.Bd3 Bb7
9.O-O a6 10.b3 c5 11.Bb2 Be7  1/2-1/2

[Event "Open"]
[Site "Zagreb CRO"]
[Date "2007.03.20"]
[Round "4"]
[White "Bukal,V sr"]
[Black "Lalic,B"]
[Result "1/2-1/2"]
[WhiteElo "2419"]
[BlackElo "2522"]

1.c4 e6 2.Nc3 d5 3.d4 c6 4.e3 Nf6 5.Nf3 Nbd7 6.Qc2 Bd6 7.Be2 dxc4 8.Bxc4 O-O
9.O-O b5 10.Bd3 Bb7  1/2-1/2

[Event "ch-RUS U20"]
[Site "Saint Petersburg RUS"]
[Date "2007.03.21"]
[Round "11"]
[White "Rakhmanov,A"]
[Black "Vitiugov,N"]
[Result "0-1"]
[WhiteElo "2473"]
[BlackElo "2604"]

1.d4 d5 2.c4 e6 3.Nc3 c6 4.e3 Nf6 5.Nf3 Nbd7 6.Qc2 Bd6 7.b3 O-O 8.Bb2 Qe7
9.Bd3 dxc4 10.bxc4 e5 11.O-O Re8 12.Nd2 Bc7 13.a4 exd4 14.exd4 Qd6 15.Nf3 Nf8
16.Ba3 Qd8 17.Bf5 Bxf5 18.Qxf5 Qd7 19.Qxd7 N8xd7 20.Rab1 Rab8 21.Rfd1 Nb6
22.c5 Nbd5 23.Nxd5 Nxd5 24.Bb4 f6 25.Bd2 b6 26.cxb6 axb6 27.Rdc1 Re6 28.Rc4 Kf7
29.Rbc1 Ra8 30.Ne1 Re2 31.Nf3 Re6 32.Ne1 Ke8 33.Nc2 Kd7 34.Ne3 Bf4 35.Nf1 Bxd2
36.Nxd2 Re2 37.Nf1 Ne7 38.Ne3 Ra2 39.Rb4 Ra6 40.d5 cxd5 41.Rb5 R2xa4 42.Rbb1 d4
43.Rd1 Ke6 44.Nc2 Nc6 45.h3 Rc4 46.Rb2 g6 47.Kf1 Kd6 48.Rdb1 Kc7 49.Ne1 Rc3
50.Ke2 Rca3 51.Nd3 Ra2 52.g4 Kd6 53.Kf3 Rxb2 54.Rxb2 Ne5+ 55.Nxe5 Kxe5 56.Rb5+ Kd6
57.Ke4 Kc6 58.Rb3 Kc5  0-1